000 00710nam a2200229 a 4500
999 _c1510
_d1510
001 1510
003 BD-JhCC
005 20171021100412.0
008 171021s2006 bg |||| ||a| 000 0 ben d
020 _a9844220041
035 _a(BD-JhCC) 1510
040 _aBD-JhCC
_dBD-JhCC
041 _aben
082 _a370.15
_bISL 2006
100 _aইসলাম, জুলফিয়া
245 _aআপনার সন্তান লেখাপড়ায় অমনোযোগী কেন /
_c জুলফিয়া ইসলাম
260 _aঢাকা:
_bবিদ্যা,
_c2006
300 _a150 p .:
_c22 cm.
650 _aEducation Psychology
942 _2ddc
_cBK